000 02134nam a2200373 4500
003 DO-SdBPM
005 20250912072048.0
007 ta
008 220405b2017 dr c ||| 00| 0 spa d
040 _aDO-SdBPM
_bspa
_cBPMSU
_drda
082 4 _a709.7293
_bT795
_222
110 2 _aCentro Cultural Eduardo León Jimenes
245 1 0 _aTrenzando una historia en curso :
_barte dominicano contemporáneo en el contexto del Caribe /
_cMaría Amalia León de Jorge, Lisa K. Erf, Yolanda Wood ; tradución Giselle Rodríguez del Cid, Cecilia León.
250 _a2a ed.
264 _aSantiago de los Caballeros, República Dominicana :
_bCentro León,
_c2017.
300 _a310 págianas :
_bilustración, retrato ;
_c29 cm.
336 _atexto
_btxt
_2rdacontent
337 _asin mediación
_bn
_2rdamedia
338 _avolumen
_bnc
_2rdacarrier
500 _aIncluye referencias bibliográficas y notas al pie de las páginas
505 0 _aArte contemporáneo dominicano: la reinvención del tiempo que somos / María Amalia León de Jorge, 9.-- Una celebración de la historia y el arte contemporáneo en el Caribe / Lisa K. Erf, 17.-- Precedencias artísticas dominicanas: legado crítico a la contemporaneidad / Yolanda Wood, 21.-- El arte tiene un presente / Sara Hermann, 69.-- El arte contemporáneo de República Dominicana en el contexto artístico del Gran Caribe / Michèle Dalmace, 117.-- Arte desde Saint-Domingue ecos diaspóricos en el ¨continente de la conciencia negra¨ / Alanna Lockward, 181.-- Iceberg a la vista, en el mar del Caribe / Jorge Pineda, 239.-- Performing and ongoning history: contemporary dominican art in the context of the Caribbean, 246
590 _aInventariado, 2025/VM
650 7 _a Arte contemporáneo
_zRepública Dominicana
650 7 _aArte moderno
_zRepública dominicana
650 7 _a
700 1 _aLeón Jorge, María Amalia de
700 1 _aErf, Luisa K.
700 1 _aWood, Yolanda
700 1 _aRodríguez Cid, Giselle del,
_etraductor
700 1 _aLeón, Cecilia,
_etraductora
710 _4
_a
910 _aVMateo V. Control de calidad. BPMSU
942 _2ddc
_cBK
999 _c15385
_d15385